000 00690cam a2200277 4500
001 J83896
008 090401t1997 xxu||||| |||| 00| 0 eng d
035 _a(Sirsi) u78282
041 _aeng
050 _a333.33709421
110 _aChesterton
_92357
245 _aAnnual bulletin: Central London offices 1996.
260 _aLondon
_bChesterton
_c1997
300 _a(4)p. ; 30cm.
350 _a0
650 _aCENTRAL LONDON
650 _aCITY OF LONDON
650 _aDOCKLANDS
650 _aFLOORSPACE STATISTICS
650 _aMIDTOWN
650 _aOFFICES
650 _aWEST END OF LONDON
690 _aPROPERTY-COMMERCIAL PROPERTY
942 _n0
948 _c12/05/1997
999 _c96416
_d96416